| 000 | 01192nam a2200337 i 4500 | ||
|---|---|---|---|
| 001 | bg | ||
| 003 | KOSZ 005 | ||
| 005 | 20201211140259.0 | ||
| 008 | 990506s1983 pl a f f |000 0 pol | ||
| 015 | _aPB 1983/2428 | ||
| 020 | _a830100844X | ||
| 040 |
_aWA N _cKOSZ 005/HR _dKOSZ 005/HR |
||
| 041 | 0 | _apol | |
| 080 | _a69 | ||
| 080 | _a528 | ||
| 080 | _a(075.8) | ||
| 100 | 1 |
_aGałda, Michał _eAutor |
|
| 245 | 1 | 0 |
_aGeodezja i miernictwo budowlane : _b[skrypt dla studentów wydziałów budownictwa lądowego wyższych szkół technicznych] / _cMichał Gałda, Edward Kujawski, Stefan Przewłocki. |
| 250 | _aWyd. 2 popr. i uzup. | ||
| 260 |
_aWarszawa ; _aŁódź : _bPańst. Wydaw. Naukowe, _c1983. |
||
| 300 |
_a243, [4] s. : _bfot., rys., wykr. ; _c24 cm. |
||
| 504 | _aBibliogr. s. [245]. | ||
| 650 | 4 | _aGeodezja | |
| 655 | 4 | _aPodręczniki akademickie | |
| 650 | 4 | _aPomiary | |
| 650 | 4 | _aBudownictwo | |
| 700 | 1 |
_aKujawski, Edward _d(1937- ) _eAutor |
|
| 700 | 1 |
_aPrzewłocki, Stefan _d(1933- ) _eAutor |
|
| 856 |
_uhttp://koha.tu.koszalin.pl/cgi-bin/koha/opac-detail.pl?biblionumber=21784 _yKatalog online BPK |
||
| 942 |
_2UKD _cKS |
||
| 999 |
_c21784 _d21784 |
||